Phát triển năng lực tư duy phân tích toán học cho học sinh thông qua dạy học chương ứng dụng đạo hàm để khảo sát và vẽ đồ thị hàm số - Giải tích 12 Luận văn thạc sĩ khoa học giáo dục. Chuyên ngành: LL và PP dạy học bộ môn Toán . Mã số: 8.14.01.11

Tallennettuna:
Bibliografiset tiedot
Päätekijä: Phạm, Minh Tâm
Muut tekijät: Đỗ, Văn Hùng (Hướng dẫn)
Aineistotyyppi: Kokoelma Kirja
Kieli:Vietnamese
Julkaistu: Đồng Tháp Đại học Đồng Tháp 2020
Aiheet:
Tagit: Lisää tagi
Ei tageja, Lisää ensimmäinen tagi!
Thư viện lưu trữ: Trung tâm Học liệu Lê Vũ Hùng, Trường Đại học Đồng Tháp
LEADER 01293ppm a22002538a 4500
001 00046334
005 20210126100145.0
008 170627s2017 ||||||viesd
041 0 # |a vie 
082 1 4 |b PH110TR  |a 515 
100 1 # |a Phạm, Minh Tâm 
245 0 0 |c Phạm Minh Tâm; Đỗ Văn Hùng (hướng dẫn)  |a Phát triển năng lực tư duy phân tích toán học cho học sinh thông qua dạy học chương ứng dụng đạo hàm để khảo sát và vẽ đồ thị hàm số - Giải tích 12  |b Luận văn thạc sĩ khoa học giáo dục. Chuyên ngành: LL và PP dạy học bộ môn Toán . Mã số: 8.14.01.11 
260 # # |b Đại học Đồng Tháp  |c 2020  |a Đồng Tháp 
300 # # |a 93tr. + phụ lục  |c 30 cm  |e 1 bản tóm tắt 
500 # # |a ĐTTS ghi: Bộ giáo dục và đào tạo. Trường Đại học Đồng tháp 
653 # # |a Giải tích 12 
653 # # |a Đồ thị hàm số 
653 # # |a Đạo hàm 
653 # # |a Luận văn 
653 # # |a Tư duy phân tích 
700 1 # |e Hướng dẫn  |a Đỗ, Văn Hùng 
852 # # |j LV.0002761 
910 0 # |d 26/01/2021 
980 # # |a Trung tâm Học liệu Lê Vũ Hùng, Trường Đại học Đồng Tháp